Sly Cooper - général - Statistiques

Statistiques générales
  • Ce quiz a été pris 77 fois
  • Le résultat moyen est 32 sur 102
Statistiques - réponses
Indication Réponse % Correct
Le cerveau Bentley
98%
Les bras | Membre de l'équipe récupéré dans l'épisode 1 Murray
98%
Le voleur Sly Cooper
98%
La représentante des forces de l'ordre Carmelita Fox
84%
Lieu de l'épilogue | Lieu de l'épisode 1 | Lieu du prologue Paris
75%
Distributeur d'épices du gang de Klaww | Membre de l'équipe récupéré dans l'épisode 5 Dimitri
65%
Morceau de Clockwerk récupéré dans l'épisode 3 Le coeur
65%
Membre de l'équipe récupéré dans l'épisode 4 | Pyrotechnicien des 5 maléfiques Panda King
65%
Lieu de l'épisode 4 Chine
63%
Chef des 5 maléfiques Clockwerk
61%
Morceau de Clockwerk récupéré dans l'épisode 2 Les ailes
61%
Nom du premier jeu Sly raccoon
61%
Morceau de Clockwerk récupéré dans l'épisode 5 Les yeux
60%
Lieu des épisodes 2 et 3 Inde
58%
Membre de l'équipe récupéré dans l'épisode 2 Le gourou
56%
Transporteur d'épices du gang de Klaww Jean Bison
54%
Lieu de l'épisode 1 Venise
54%
Lieu des épisodes 6 et 7 Canada
53%
Lieu de l'épisode 2 | Lieu de l'épisode 3 Australie
51%
Morceau de Clockwerk récupéré dans l'épisode 1 Les plumes
51%
Complète la phrase : "En volant un voleur, on devient un ..." Maître voleur
51%
Producteur d'épices du gang de Klaww Rajan
51%
Hypnotiseuse du gang de Klaww La comtesse
49%
Membre de l'équipe récupéré dans l'épisode 3 Pénélope
49%
Exécuteur des 5 maléfiques Muggshot
46%
Machiniste des 5 maléfiques Raleigh
46%
Antagoniste de l'épisode 3 Le baron noir
44%
Morceau de Clockwerk récupéré dans l'épisode 7 Les serres
44%
Capitaine de police membre du gang de Klaww Neyla
44%
Lieu de l'épisode 3 Pays-bas
44%
Cheffe mystique des 5 maléfiques Miss Ruby
42%
Chef du gang de Klaww Arpeggio
40%
Lieu des épisodes 4 et 5 Prague
39%
Lieu de l'épisode 2 Etats-Unis
37%
Antagoniste de l'épisode 1 Octavio
37%
Lieu de l'épisode 5 Russie
37%
Lieu de l'épisode 4 Angleterre
35%
Lieu de l'épisode 2 Mesa City
35%
Antagoniste de l'épisode 4 Général Tsao
32%
Ancêtre rencontré dans l'épisode 1 Rioichi Cooper
30%
Lieu de l'épisode 3 Haïti
26%
Ancêtre rencontré dans l'épisode 2 Tennessee Kid Cooper
26%
Nom du deuxième jeu Association de voleurs
25%
Nom du troisième jeu (anglais) Honor among thieves
25%
Nom de l'épisode 6 Honor among Thieves
25%
Antagoniste de l'épisode 1 El Jefe
23%
Antagoniste de l'épisode 6 Docteur M
21%
Lieu de l'épisode 1 Japon féodal
21%
Lieu du prologue Le Caire
21%
Antagoniste de l'épisode 2 Le masque noir de la Terre Sombre
21%
Lieu de l'épisode 8 Le dirigeable
19%
Antagoniste de l'épisode 2 Toothpick
19%
Nom du quatrième jeu Voleurs à travers le temps
19%
Nom de l'épisode 2 Du rififi chez les voleurs
18%
Antagoniste de l'épisode 5 LaFouine
18%
Nom de l'épisode 1 Château noir
16%
Antagoniste de l'épilogue Le Paradox
16%
Lieu de l'épisode 5 Arabie
14%
Ancêtre rencontré dans l'épisode 3 Bob Cooper
14%
Antagoniste de l'épisode 4 Le Chevalier Noir
14%
Antagoniste de l'épisode 3 Le Grizz
14%
Nom de l'épisode 1 Terreur à l'opéra
14%
Nom du prologue Le début de la fin
12%
Nom de l'épisode 5 Même les voleurs ont un honneur
11%
Antagoniste de l'épisode 5 Miss Decibel
11%
Objet permettant le voyage dans l'époque 2 Etoile de Shérif
9%
Ancêtre rencontré dans l'épisode 5 Salim al-Kupar
9%
Ancêtre rencontré dans l'épisode 4 Sir Galleth Cooper
9%
Lieu de l'épisode 5 La baie du bain de sang
7%
Objet permettant le voyage dans l'époque 1 La dague
7%
Nom de l'épisode 3 Le prédateur se réveille
7%
Nom de l'épisode 5 Neyla entoilée
7%
Nom de l'épisode 2 (anglais) Sunset Snake Eyes
7%
Nom de l'épisode 4 Une alliance glaciale
7%
Nom de l'épisode 4 Dans la prison
5%
Nom de l'épisode 1 Japanisation
5%
Morceau de Clockwerk récupéré dans l'épisode 6 Les organes
5%
Lieu de l'épisode 1 Pays de Galles
5%
Nom de l'épisode 5 (anglais) The Cold Heart of Hate
5%
Nom de l'épisode 1 (anglais) Tide of terror
5%
Nom de l'épisode 3 (anglais) Vicious Voodoo
5%
Nom de l'épisode 3 Envie de fantaisie
4%
Nom de l'épisode 4 (anglais) Fire in the Sky
4%
Lieu de l'épisode 6 Île de Kaine
4%
Objet permettant le voyage dans l'époque 4 La couronne
4%
Nom de l'épisode 2 Une drôle de rencontre
4%
Nom de l'épisode 2 A l'Ouest jeune raton-laveur
2%
Nom de l'épisode 3 Le clan des ratons-laveurs des cavernes
2%
Nom de l'épisode 8 Anatomie d'un désastre
0%
Nom de l'épisode 6 Celui qui a dompté le cheval ferré
0%
Nom de l'épisode 4 Des souris et des robots
0%
Objet permettant le voyage dans l'époque 3 Fossile de Murray
0%
Nom de l'épisode 5 Les 40 voleurs
0%
Nom de l'épisode 7 Menace dans le nord
0%
Objet permettant le voyage dans l'époque 5 Pièce d'or
0%
Aucun quiz correspondant
Distribution des résultats
% des personnes avec chaque résultat
Percentile par nombre de réponses
Votre historique - résultats
Vous n’avez pas pris ce quiz